000 00292nam a2200109 4500
245 _aDryden Selected Poems
_cJames Kinsley
100 _aKinsley, James
260 _aLondon
_bOxford university Press
_c1963
300 _a188p.; 19cm.-
490 _aNew Oxford English series
082 _a821.4
_bDRY/KIN
999 _c246
_d246